ARRUPE JESUIT UNIVERSITY

CORONAVIRUS -STOP THE SPREAD - CLEAN,DISINFECT,COVER

Écrire l'Afrique-monde : (Record no. 127995)

MARC details
000 -LEADER
fixed length control field 01277cam a22003375i 4500
001 - CONTROL NUMBER
control field 19756717
003 - CONTROL NUMBER IDENTIFIER
control field ARRUPE
005 - DATE AND TIME OF LATEST TRANSACTION
control field 20180510125543.0
008 - FIXED-LENGTH DATA ELEMENTS--GENERAL INFORMATION
fixed length control field 170530s2017 fr 000 0 fre
010 ## - LIBRARY OF CONGRESS CONTROL NUMBER
LC control number 2017437913
020 ## - INTERNATIONAL STANDARD BOOK NUMBER
International Standard Book Number 9782848766010 (pbk.)
035 ## - SYSTEM CONTROL NUMBER
System control number (Fr-PaAMA)AAL0751112-0001
040 ## - CATALOGING SOURCE
Original cataloging agency DLC
Language of cataloging eng
Transcribing agency DLC
Description conventions rda
042 ## - AUTHENTICATION CODE
Authentication code pcc
043 ## - GEOGRAPHIC AREA CODE
Geographic area code f------
050 ## - LIBRARY OF CONGRESS CALL NUMBER
Classification number B5300.5.A8
Item number E19
300 ## - PHYSICAL DESCRIPTION
Dimensions 22 cm
111 2# - MAIN ENTRY--MEETING NAME
Meeting name or jurisdiction name as entry element Ateliers de la pensée
Number of part/section/meeting (1st :
Date of meeting 2016 :
Location of meeting Dakar, Senegal)
9 (RLIN) 41717
245 10 - TITLE STATEMENT
Title Écrire l'Afrique-monde :
Statement of responsibility, etc sous la direction de Achille Mbembe et Felwine Sarr.
260 ## - PUBLICATION, DISTRIBUTION, ETC. (IMPRINT)
Place of publication, distribution, etc Paris
Name of publisher, distributor, etc Philippe Ray
Date of publication, distribution, etc 2017
300 ## - PHYSICAL DESCRIPTION
Extent 396 p. ;
500 ## - GENERAL NOTE
General note Papers from a conference held in Dakar and Saint-Louis, Senegal, October 28-31, 2016.
504 ## - BIBLIOGRAPHY, ETC. NOTE
Bibliography, etc Includes bibliographical references.
650 ## - SUBJECT ADDED ENTRY--TOPICAL TERM
Topical term or geographic name as entry element Philosophy, African
General subdivision Congresses
9 (RLIN) 32299
700 1# - ADDED ENTRY--PERSONAL NAME
Personal name Mbembe, Achille,
Dates associated with a name 1957-
Relator term editor.
9 (RLIN) 41718
700 1# - ADDED ENTRY--PERSONAL NAME
Personal name Sarr, Felwine,
Dates associated with a name 1972-
Relator term editor.
9 (RLIN) 41719
906 ## - LOCAL DATA ELEMENT F, LDF (RLIN)
a 0
b ibc
c origres
d 3
e ncip
f 20
g y-gencatlg
942 ## - ADDED ENTRY ELEMENTS (KOHA)
Source of classification or shelving scheme Library of Congress Classification
Koha item type Monograph ( Printed materials)
Holdings
Withdrawn status Lost status Source of classification or shelving scheme Damaged status Not for loan Collection code Home library Current library Shelving location Date acquired Total Checkouts Full call number Barcode Date last seen Date checked out Price effective from Koha item type
    Library of Congress Classification     Main Collection ARRUPE LIBRARY ARRUPE LIBRARY Main Collection 10/05/2018 3 B5300.5.A8 E19 46600001649 05/12/2018 16/11/2018 10/05/2018 Monograph ( Printed materials)

 

Arrupe Library. PO Box MP320 Mt Pleasant, Harare, Zimbabwe
263 242 745411|librarian@aju.ac.zw